[Event "Bengaluru Karnataka op"]
[Site "Bengaluru"]
[Date "2018.04.15"]
[Round "3"]
[White "Kulkarni, Vinayak"]
[Black "Nachiketh, Adiga"]
[Result "1-0"]
[WhiteElo "2179"]
[BlackElo "1348"]
[PlyCount "61"]
[EventDate "2018.04.14"]
[EventType "swiss"]
[EventRounds "10"]
[EventCountry "IND"]
[SourceTitle "CBM 184 Extra"]
[Source "ChessBase"]
[SourceDate "2018.06.28"]
[SourceVersion "1"]
[SourceVersionDate "2018.06.28"]
[SourceQuality "1"]

1. Nf3 Nf6 2. g3 g6 3. b3 Bg7 4. Bb2 b6 5. Bg2 Bb7 6. 0-0 0-0 7. d4 d5 8. Ne5 Nc6 9. c4 e6 10. Qc1 Nd7 11. Nf3 Nf6 12. Rd1 Re8 13. Ne5 Qc8 14. Nc3 Rd8 15. cxd5 Nxe5 16. dxe5 Nxd5 17. Nb5 Rd7 18. Qg5 a6 19. Na3 Qd8 20. Qc1 c5 21. Nc4 Bf8 22. e4 b5 23. Nd6 Bxd6 24. exd6 Nb6 25. Qxc5 Nc8 26. Qe5 f6 27. Qxe6+ Kg7 28. Bxf6+ Qxf6 29. Qxd7+ Qf7 30. Qxf7+ Kxf7 31. d7 1-0